| 000 | 00576nam a2200193Ia 4500 | ||
|---|---|---|---|
| 005 | 20250508153522.0 | ||
| 008 | 008 250505s9999 xx 000 0 eng d | ||
| 037 | _aBooks to be hide in OPAC | ||
| 040 |
_aFEDL _beng _cFEDL |
||
| 041 |
_aeng _2eng |
||
| 084 |
_a900, AHM _qFEDL |
||
| 100 |
_aMirashi Mahamaphopadhyaya V V _9764163 |
||
| 245 | 0 | _aCoins of king sumahagramaka from kondapur excavations | |
| 260 | _c1950 | ||
| 490 | _aNumismatic series No. 7 | ||
| 700 |
_a Mahavidyalaya Vidarbha _9764164 |
||
| 942 |
_cHB _h900, AHM |
||
| 999 |
_c1343447 _d1343447 |
||